000 00709nam a2200289Ia 4500
005 20260324124315.0
008 008 260324s9999 xx 000 0 eng d
020 _a9780429476457
037 _aEBOOK
040 _aCRL
040 _beng
040 _cCRL
041 _2eng
041 _aeng
084 _qCRL
100 _aJean Petrucelli
_91000080
245 0 _aKnowing, Not-Knowing and Sort-of-Knowing
245 0 _bPsychoanalysis and the Experience of Uncertainty
260 _bTaylor and Francis
260 _c2010
365 _a
365 _b170
856 _uhttp://www.taylorfrancis.com/books/9780429476457
942 _cEBOOK
999 _c1767917
_d1767917